Vincitori Europei di calcio in ordine cronologico - Statistics

Statistiche generali
  • Questo quiz è stato fatto 102 volte
    79 dall'ultimo reset
  • Il punteggio medio è 13 su 17
Statistiche sulle risposte
Edizione Squadra % Corretto
2020 Italia
96%
2024 Spagna
96%
2016 Portogallo
91%
2008 Spagna
90%
2012 Spagna
90%
2000 Francia
88%
2004 Grecia
87%
1968 Italia
79%
1996 Germania
75%
1992 Danimarca
72%
1972 Germania Ovest
63%
1980 Germania Ovest
63%
1984 Francia
60%
1988 Paesi Bassi
58%
1960 Unione Sovietica
57%
1964 Spagna
54%
1976 Cecoslovacchia
37%
Nessun quiz corrispondente trovato
Distribuzione punteggi
Percentuale di utenti per punteggio
Percentile per numero di risposta
I tuoi punteggi nel tempo
Non hai fatto questo quiz dall'ultimo reset